000
00305nam a22001337a 4500
008
180924b xxu||||| |||| 00| 0 eng d
020
_a
9780781747431
041
_a
eng
080
_2
4th
_a
610.73
100
_a
1
101
_a
INF
245
_a
Perspectives on Nursing Theory
_c
Reed,P.G
942
_2
udc
_c
BK
999
_c
48377
_d
48377